කුවේණි/

Saved in:
Bibliographic Details
Main Author: ජයසේන, හෙන්රි
Format: Book
Language:English
Sinhalese
Published: කොළඹ 10: ගොඩගේ ප්‍රකාශන, 1964
Subjects:
Tags: Add Tag
No Tags, Be the first to tag this record!

MARC

LEADER 00000nam a22000007a 4500
008 251113b |||||||| |||| 00| 0 eng d
020 |a 978955301546 
041 |h sin 
082 |a 891.482  |b ජයසේ 
100 |a ජයසේන, හෙන්රි 
245 |a කුවේණි/ 
260 |a කොළඹ 10:  |b ගොඩගේ ප්‍රකාශන,  |c 1964 
300 |a පි.55:  |b රූපසටහන්:  |c සෙ.මි.20 
600 0 |a සිංහල සාහිත්‍යය 
942 |c CHBK 
999 |c 26908  |d 26908